<?xml version="1.0" encoding="UTF-8"?><marc:collection xmlns:marc="http://www.loc.gov/MARC21/slim">
  <marc:record>
    <marc:leader>00000nam##2200000za#4500</marc:leader>
    <marc:controlfield tag="001">9.642039</marc:controlfield>
    <marc:controlfield tag="003">CaOODSP</marc:controlfield>
    <marc:controlfield tag="005">20210624223513</marc:controlfield>
    <marc:controlfield tag="007">cr |||||||||||</marc:controlfield>
    <marc:controlfield tag="008">150407|2001||||xxc|||||o    f|0| 0 fre|d</marc:controlfield>
    <marc:datafield tag="040" ind1=" " ind2=" ">
      <marc:subfield code="a">CaOODSP</marc:subfield>
      <marc:subfield code="b">fre</marc:subfield>
    </marc:datafield>
    <marc:datafield tag="043" ind1=" " ind2=" ">
      <marc:subfield code="a">n-cn---</marc:subfield>
    </marc:datafield>
    <marc:datafield tag="086" ind1="1" ind2=" ">
      <marc:subfield code="a">M22-139/2001F-PDF</marc:subfield>
    </marc:datafield>
    <marc:datafield tag="110" ind1="1" ind2=" ">
      <marc:subfield code="a">Canada.</marc:subfield>
      <marc:subfield code="b">Ressources naturelles Canada. </marc:subfield>
      <marc:subfield code="b">Secrétariat du changement climatique.</marc:subfield>
    </marc:datafield>
    <marc:datafield tag="245" ind1="1" ind2="0">
      <marc:subfield code="a">Relever le défi - fonds d'action pour le changement climatique (FACC), rapport 1998-2001 </marc:subfield>
      <marc:subfield code="h">[ressource électronique]</marc:subfield>
    </marc:datafield>
    <marc:datafield tag="260" ind1=" " ind2=" ">
      <marc:subfield code="a">Ottawa - Ontario : </marc:subfield>
      <marc:subfield code="b">Ressources naturelles Canada. </marc:subfield>
      <marc:subfield code="c">[2001].</marc:subfield>
    </marc:datafield>
    <marc:datafield tag="500" ind1=" " ind2=" ">
      <marc:subfield code="a">«Le présent document [...] examine les progrès et les réalisations de la première phase du FACC. Les résultats sont regroupés sous les quartes volets intégrés du FACC: Bâtir la fondation; Mesures d'action précoce en matière de technologie (TEAM); Science, impacts et adaptation (SIA); Sensibilisation du public (SP).»--Page 1.</marc:subfield>
    </marc:datafield>
    <marc:datafield tag="500" ind1=" " ind2=" ">
      <marc:subfield code="a">Le n° de catalogue (M22-139/2001) et l'ISBN (0-662-660) de l'édition imprimée bilingue ont été incorrectement copiés dans l'édition électronique.</marc:subfield>
    </marc:datafield>
    <marc:datafield tag="520" ind1="3" ind2=" ">
      <marc:subfield code="a">On a alloué 150 millions de dollars au Fonds d'action pour le changement climatique (FACC), créé en 1998 et chargé d'élaborer une stratégie de mise en ouvre sur le changement climatique et d'appuyer les mesures à cet effet. Le rapport présente un examen des réalisations de la première phase du FACC et traite des résultats sous quatre volets: (1)établissement de la fondation, (2) les mesures d'action précoce en matière de technologie; (3) la science, les impacts et l'adaptation; (4) la sensibilisation du public.</marc:subfield>
    </marc:datafield>
    <marc:datafield tag="590" ind1=" " ind2=" ">
      <marc:subfield code="a">13-15-Supp</marc:subfield>
      <marc:subfield code="b">2013-06-24</marc:subfield>
    </marc:datafield>
    <marc:datafield tag="691" ind1="0" ind2="7">
      <marc:subfield code="a">Climat</marc:subfield>
      <marc:subfield code="2">gcpds</marc:subfield>
    </marc:datafield>
    <marc:datafield tag="775" ind1="0" ind2="8">
      <marc:subfield code="t">Responding to the challenge - the Climate Change Action Fund (CCAF), 1998-2001 report </marc:subfield>
      <marc:subfield code="w">(CaOODSP)9.698042</marc:subfield>
    </marc:datafield>
    <marc:datafield tag="776" ind1="0" ind2="#">
      <marc:subfield code="t">Responding to the challenge: the Climate Change Action Fund (CCAF): 1998-2001 report </marc:subfield>
      <marc:subfield code="w">(CaOODSP)9.663157</marc:subfield>
    </marc:datafield>
    <marc:datafield tag="776" ind1="0" ind2="#">
      <marc:subfield code="t">Relever le défi: fonds d'action pour le changement climatique (FACC): rapport 1998-2001 </marc:subfield>
      <marc:subfield code="w">(CaOODSP)9.663158</marc:subfield>
    </marc:datafield>
    <marc:datafield tag="856" ind1="4" ind2="0">
      <marc:subfield code="a">http://publications.gc.ca</marc:subfield>
      <marc:subfield code="q">PDF</marc:subfield>
      <marc:subfield code="s">341 Ko</marc:subfield>
      <marc:subfield code="u">https://publications.gc.ca/collections/Collection/M22-139-2001F.pdf</marc:subfield>
    </marc:datafield>
  </marc:record>
</marc:collection>
